[Event "KOS-chT2"]
[Site "Pristina"]
[Date "2023.05.30"]
[Round "6"]
[White "Cetta, Ujkan"]
[Black "Uruci, Ardit"]
[Result "0-1"]
[WhiteElo "2036"]
[BlackElo "1701"]
[PlyCount "84"]
[EventDate "2023.05.27"]
[EventType "team-swiss"]
[EventRounds "7"]
[EventCountry "KOS"]
[SourceTitle "CBM 214 Extra"]
[Source "ChessBase"]
[SourceDate "2023.07.31"]
[SourceVersion "1"]
[SourceVersionDate "2023.07.31"]
[SourceQuality "1"]
[WhiteTeam "Peja"]
[BlackTeam "Ferizaji II"]
[WhiteTeamCountry "KOS"]
[BlackTeamCountry "KOS"]

1. e4 c6 2. c4 d5 3. cxd5 cxd5 4. e5 Nc6 5. d4 Bf5 6. Bb5 e6 7. a3 Nge7 8. Ne2 a6 9. Bxc6+ Nxc6 10. Bd2 Be7 11. Bc3 Rc8 12. 0-0 h5 13. Kh1 b5 14. b4 h4 15. h3 Qb6 16. Qd2 Qb7 17. Qe3 Nb8 18. Nd2 Nd7 19. Nb3 Nb6 20. Nc5 Qa7 21. Nc1 Nc4 22. Qe2 Bxc5 23. dxc5 Rh6 24. Nb3 Qc7 25. Rfe1 Be4 26. f3 Bf5 27. Nd4 Rg6 28. Nxf5 exf5 29. Qd3 f4 30. e6 Rxe6 31. Rxe6+ fxe6 32. Qh7 Qe7 33. a4 bxa4 34. Rxa4 Rc6 35. b5 axb5 36. Ra8+ Kd7 37. Bb4 Ne3 38. Ra7+ Rc7 39. c6+ Kxc6 40. Ra6+ Kb7 41. Qb1 Qxb4 42. Qa1 Qc5 0-1

[Event "KOS-chT2"]
[Site "Pristina"]
[Date "2023.05.28"]
[Round "4"]
[White "Cetta, Ujkan"]
[Black "Kollari, Sabahudin"]
[Result "1/2-1/2"]
[WhiteElo "2036"]
[BlackElo "2124"]
[PlyCount "136"]
[EventDate "2023.05.27"]
[EventType "team-swiss"]
[EventRounds "7"]
[EventCountry "KOS"]
[SourceTitle "CBM 214 Extra"]
[Source "ChessBase"]
[SourceDate "2023.07.31"]
[SourceVersion "1"]
[SourceVersionDate "2023.07.31"]
[SourceQuality "1"]
[WhiteTeam "Peja"]
[BlackTeam "Rahoveci"]
[WhiteTeamCountry "KOS"]
[BlackTeamCountry "KOS"]

1. e4 e5 2. Nf3 Nf6 3. Nxe5 d6 4. Nf3 Nxe4 5. Nc3 Nf6 6. d4 Bg4 7. h3 Bh5 8. Bd3 c6 9. 0-0 Be7 10. Re1 0-0 11. Bg5 Nbd7 12. Bf5 Re8 13. Qd3 Bg6 14. Bxg6 hxg6 15. a3 Qb6 16. b3 Bf8 17. Na4 Qa5 18. c4 Rxe1+ 19. Rxe1 b5 20. cxb5 Qxb5 21. Qxb5 cxb5 22. Nc3 a6 23. Kf1 Rc8 24. Rc1 d5 25. b4 Nb6 26. Ke2 Re8+ 27. Kd3 Ne4 28. Be3 f6 29. Nd2 Nd6 30. Nb3 Ndc4 31. Ra1 Kf7 32. Nc5 Ra8 33. Kc2 a5 34. Kb3 a4+ 35. Ka2 Re8 36. Re1 f5 37. Re2 Bd6 38. Bg5 Rxe2+ 39. Nxe2 Be7 40. Bc1 Bf6 41. Kb1 g5 42. Kc2 f4 43. Kd3 Nd6 44. Nc3 Ke7 45. h4 Nf5 46. Nxb5 Nxh4 47. g3 fxg3 48. fxg3 Nf5 49. g4 Nh6 50. Nc3 Nxg4 51. N5xa4 Nf2+ 52. Ke3 Nxa4 53. Nxa4 Ne4 54. Nc5 Nd6 55. a4 Nf5+ 56. Kd3 Nxd4 57. Bxg5 Bxg5 58. Kxd4 Kd6 59. Nb7+ Kc6 60. Na5+ Kd6 61. Nb7+ Kc7 62. Nc5 Kd6 63. Nb7+ Kc6 64. Na5+ Kd6 65. Nb7+ Kc7 66. Nc5 Kd6 67. Nb7+ Kc6 68. Na5+ Kd6 1/2-1/2